000 00941nam0a22002891 4500
001 rc\3341541
005 20250609214737.0
021 _aRU
_b[73-7625]
035 _a(NLR Aleph) 007517546
090 _a7714926
_c7714926
100 _a20130115d1972 |||y0rusy50 ca
101 0 _arus
102 _aRU
105 _ay z |||||
200 1 _aОборона от нападения преступника
210 _aМинск
_cИзд-во БГУ
_d1972
215 _a136 с.
_d16
225 1 _aЮридическая библиотечка
300 _aНа обл. авт. не указан
320 _aСписок лит.: с. 135
606 _aНеобходимая оборона в уголовном праве СССР
_2psbo
700 1 _aТишкевич
_bИ.С.
_gИван Станиславович
801 0 _aRU
_bNLR
_gpsbo
801 1 _aRU
_bELAR
_2rusmarc
852 _aNLR
_j72-2/2861
942 _cBOOK
980 _aNB